| Tag |
First Indicator |
Second Indicator |
Subfields |
| LEADER |
00000cam a2200000 4500 |
| 001 |
in00000053109 |
| 005 |
20151007080439.0 |
| 008 |
720816s1941 eng u |
| 010 |
|
|
|a 41051821
|
| 035 |
|
|
|a (OCoLC)00383092
|
| 035 |
|
|
|9 AAF4836AM
|
| 040 |
|
|
|c WSU
|d OCL
|d TXA
|d UtOrBLW
|
| 049 |
|
|
|a TXAM
|c [467099]
|
| 090 |
|
|
|a BS1505
|b .S53 1941
|
| 092 |
|
|
|a 224
|b S652p 1941
|
| 100 |
1 |
|
|a Smith, J. M. Powis
|q (John Merlin Powis),
|d 1866-1932.
|
| 245 |
1 |
4 |
|a The prophets and their times.
|
| 250 |
|
|
|a 2d ed. rev.
|
| 264 |
|
1 |
|a Chicago, Ill. :
|b The University of Chicago press,
|c [1941]
|
| 300 |
|
|
|a 342 pages
|
| 336 |
|
|
|a text
|b txt
|2 rdacontent
|
| 337 |
|
|
|a unmediated
|b n
|2 rdamedia
|
| 338 |
|
|
|a volume
|b nc
|2 rdacarrier
|
| 504 |
|
|
|a Blibliography: pages 326-327.
|
| 630 |
0 |
0 |
|a Bible.
|p Prophets
|x Criticism, interpretation, etc.
|
| 650 |
|
0 |
|a Prophets.
|
| 700 |
1 |
|
|a Irwin, William Andrew,
|d 1884-
|
| 999 |
|
|
|a MARS
|
| 999 |
f |
f |
|s ebc55c02-d22e-384d-8785-3255d1474591
|i 59179be8-26bc-32d2-81d9-762301df2fe0
|t 0
|
| 952 |
f |
f |
|p ric
|a Texas A&M University
|b Rellis Campus
|c Joint Library Facility
|d Remote Storage
|t 0
|e BS1505 .S53 1941
|h Library of Congress classification
|i unmediated -- volume
|m A14800603431
|
| 998 |
f |
f |
|a BS1505 .S53 1941
|t 0
|l Remote Storage
|